[Event "Canadian op"]
[Site "Windsor"]
[Date "2016.07.15"]
[Round "6"]
[White "Kiraly, Istvan"]
[Black "Profit, Brian"]
[Result "1-0"]
[WhiteElo "2107"]
[BlackElo "1896"]
[PlyCount "101"]
[EventDate "2016.07.10"]
[EventType "swiss"]
[EventRounds "9"]
[EventCountry "CAN"]
[SourceTitle "EXT 2017"]
[Source "ChessBase"]
[SourceDate "2016.10.25"]
[SourceVersion "1"]
[SourceVersionDate "2016.10.25"]
[SourceQuality "1"]

1. d4 Nf6 2. Nf3 g6 3. g3 Bg7 4. Bg2 d5 5. 0-0 0-0 6. c4 c6 7. Nc3 dxc4 8. Ne5 Ng4 9. f4 Nxe5 10. fxe5 c5 11. dxc5 Bxe5 12. Qxd8 Rxd8 13. Nd5 Nc6 14. Bf4 Be6 15. Nxe7+ Nxe7 16. Bxe5 Bd5 17. e4 Be6 18. Bf6 Rd7 19. Rad1 Rad8 20. Rd6 Nc8 21. Rxe6 fxe6 22. Bxd8 Rxd8 23. e5 Rd7 24. Bh3 Rc7 25. Bxe6+ Kg7 26. c6 Nb6 27. cxb7 Rxb7 28. Rc1 Kf8 29. b3 cxb3 30. Bxb3 Ke7 31. Kf1 Ke8 32. e6 Re7 33. Kg2 a5 34. Rb1 Rc7 35. a4 Ke7 36. Rf1 Ke8 37. Rf3 Nc8 38. Rd3 Ne7 39. Rd6 Nf5 40. Rb6 Nd4 41. Bd5 Rc2+ 42. Kf1 Rc5 43. Rb8+ Ke7 44. Rb7+ Ke8 45. Rd7 Nf5 46. Ke2 Rc2+ 47. Kd3 Rxh2 48. Rg7 Rh3 49. Bc6+ Kf8 50. Rf7+ Kg8 51. Rxf5 1-0

[Event "Canadian op"]
[Site "Windsor"]
[Date "2016.07.12"]
[Round "3"]
[White "Yang, Kaiqi"]
[Black "Kiraly, Istvan"]
[Result "1-0"]
[WhiteElo "2387"]
[BlackElo "2107"]
[PlyCount "89"]
[EventDate "2016.07.10"]
[EventType "swiss"]
[EventRounds "9"]
[EventCountry "CAN"]
[SourceTitle "EXT 2017"]
[Source "ChessBase"]
[SourceDate "2016.10.25"]
[SourceVersion "1"]
[SourceVersionDate "2016.10.25"]
[SourceQuality "1"]

1. e4 c5 2. Nf3 Nc6 3. Bb5 Na5 4. 0-0 a6 5. Be2 b5 6. d4 cxd4 7. Nxd4 Bb7 8. Bf3 g6 9. a4 b4 10. c3 e5 11. cxb4 Bxb4 12. Nc2 Be7 13. Ne3 Nf6 14. Nc3 0-0 15. Ncd5 Bxd5 16. Nxd5 Nxd5 17. Qxd5 Nc6 18. Bg4 Ra7 19. Bh6 Re8 20. Rfd1 Nb4 21. Qxe5 Bf8 22. Qd4 Nc6 23. Qe3 Bxh6 24. Qxh6 Rxe4 25. Bf3 Qh4 26. Qd2 Re6 27. Bd5 Rf6 28. Ra3 Qf4 29. Qe2 Nd4 30. Qe3 Qxe3 31. fxe3 Ne6 32. a5 Rc7 33. b4 Rc2 34. Ra2 Rc3 35. Bb7 Nc7 36. Rf2 Rxf2 37. Kxf2 d5 38. Bxd5 Rc2+ 39. Kf3 Rb2 40. Bxf7+ Kf8 41. Rd7 Nb5 42. Bd5 Rxb4 43. Rf7+ Ke8 44. Rxh7 g5 45. Rg7 1-0

[Event "Canadian op"]
[Site "Windsor"]
[Date "2016.07.11"]
[Round "2"]
[White "Kiraly, Istvan"]
[Black "Peredun, Andrew"]
[Result "1/2-1/2"]
[WhiteElo "2107"]
[BlackElo "2283"]
[PlyCount "29"]
[EventDate "2016.07.10"]
[EventType "swiss"]
[EventRounds "9"]
[EventCountry "CAN"]
[SourceTitle "EXT 2017"]
[Source "ChessBase"]
[SourceDate "2016.10.25"]
[SourceVersion "1"]
[SourceVersionDate "2016.10.25"]
[SourceQuality "1"]

1. d4 d5 2. Nf3 Nf6 3. Bf4 c5 4. e3 cxd4 5. exd4 Nc6 6. c3 Bg4 7. Be2 e6 8. Nbd2 Bd6 9. Ne5 Bxe2 10. Qxe2 0-0 11. Bg3 Qc7 12. 0-0 Nd7 13. Nxd7 Qxd7 14. Bxd6 Qxd6 15. f4 1/2-1/2

[Event "Canadian op"]
[Site "Windsor"]
[Date "2016.07.10"]
[Round "1"]
[White "Sivapathasundaram, Manojh"]
[Black "Kiraly, Istvan"]
[Result "0-1"]
[WhiteElo "1559"]
[BlackElo "2107"]
[PlyCount "74"]
[EventDate "2016.07.10"]
[EventType "swiss"]
[EventRounds "9"]
[EventCountry "CAN"]
[SourceTitle "EXT 2017"]
[Source "ChessBase"]
[SourceDate "2016.10.25"]
[SourceVersion "1"]
[SourceVersionDate "2016.10.25"]
[SourceQuality "1"]

1. d4 Nf6 2. c4 g6 3. f3 d5 4. cxd5 Nxd5 5. e4 Nb6 6. Nc3 Bg7 7. Be3 0-0 8. Qd2 Nc6 9. 0-0-0 a5 10. h4 a4 11. h5 Na5 12. Bh6 Nbc4 13. Qf4 Qd6 14. hxg6 fxg6 15. Qxd6 Bxh6+ 16. Rxh6 cxd6 17. Nxa4 b5 18. Nc3 Kg7 19. Rh2 b4 20. Nd5 e6 21. Nxb4 Nb3+ 22. Kb1 Ne3 23. axb3 Nxd1 24. Nc2 Nf2 25. Be2 Ba6 26. Ne1 Bxe2 27. Nxe2 Nxe4 28. fxe4 Rf1 29. Nc3 Rxe1+ 30. Kc2 Rb8 31. Rh4 g5 32. Rh2 Kg6 33. g3 Re3 34. Rg2 h5 35. Kd2 Rf3 36. Kc2 g4 37. d5 e5 0-1

[Event "Gyongyos Matra Cup"]
[Site "Gyongyos"]
[Date "2000.??.??"]
[Round "?"]
[White "Kiraly, Istvan"]
[Black "Lengyel, Laszlo"]
[Result "0-1"]
[WhiteElo "2125"]
[BlackElo "2185"]
[PlyCount "98"]
[EventDate "2000.07.??"]
[EventType "swiss"]
[EventRounds "9"]
[EventCountry "HUN"]
[SourceTitle "EXT 2004"]
[Source "ChessBase"]
[SourceDate "2003.11.25"]
[SourceVersion "1"]
[SourceVersionDate "2003.11.25"]
[SourceQuality "1"]

1. d4 e6 2. c4 c5 3. Nf3 cxd4 4. Nxd4 Nc6 5. Nc3 Nf6 6. g3 Bb4 7. Bg2 0-0 8. 0-0 a6 9. Nxc6 bxc6 10. Qd3 d5 11. a3 Be7 12. e4 a5 13. exd5 cxd5 14. a4 Ba6 15. Nb5 dxc4 16. Qxc4 Rc8 17. Qe2 Bb4 18. Bg5 h6 19. Rfd1 Qe7 20. Be3 Nd7 21. Qh5 Rfd8 22. Nd4 Nf6 23. Qh4 Nd5 24. Qxe7 Bxe7 25. Bd2 Bb4 26. Bxb4 Nxb4 27. Nb5 Kf8 28. Bf3 Ke7 29. Rxd8 Rxd8 30. Rd1 Rxd1+ 31. Bxd1 Bxb5 32. axb5 Kd6 33. Be2 Kc5 34. Kg2 Nc2 35. Bd3 Nd4 36. f4 Nxb5 37. f5 Nd4 38. fxe6 Nxe6 39. Kf3 Kd4 40. Bb1 Nc5 41. Ba2 Nd3 42. Bxf7 Ne5+ 43. Kf4 Nxf7 44. Kf5 Ne5 45. h4 Kd5 46. b3 Kd6 47. g4 g6+ 48. Kf6 Nxg4+ 49. Kxg6 Ke5 0-1

[Event "HUN-chT3 9900"]
[Site "Hungary"]
[Date "1999.11.14"]
[Round "4"]
[White "Fancsy, Imre"]
[Black "Kiraly, Istvan"]
[Result "1-0"]
[WhiteElo "2415"]
[BlackElo "2128"]
[PlyCount "53"]
[EventDate "1999.09.26"]
[EventType "team"]
[EventRounds "11"]
[EventCountry "HUN"]
[SourceTitle "EXT 2002"]
[Source "ChessBase"]
[SourceDate "2001.11.25"]
[SourceVersion "1"]
[SourceVersionDate "2001.11.25"]
[SourceQuality "1"]

1. Nf3 c5 2. c4 Nc6 3. g3 g6 4. Bg2 Bg7 5. Nc3 d6 6. 0-0 Nf6 7. d4 cxd4 8. Nxd4 Bd7 9. Nc2 Qc8 10. b3 h5 11. Bb2 Ng4 12. f3 Nh6 13. e4 h4 14. Qd2 hxg3 15. hxg3 Nb4 16. Ne3 Rh7 17. a3 Nc6 18. Ncd5 Bxb2 19. Qxb2 Ng8 20. Rfd1 Bh3 21. Bh1 Be6 22. Rac1 Bxd5 23. cxd5 Qh3 24. Bg2 Qh2+ 25. Kf2 Ne5 26. Qe2 Qh5 27. Rh1 1-0

[Event "Gyongyos Matra Cup"]
[Site "Gyongyos"]
[Date "1998.??.??"]
[Round "4"]
[White "Frink, Ferenc"]
[Black "Kiraly, Istvan"]
[Result "0-1"]
[WhiteElo "2220"]
[BlackElo "2170"]
[PlyCount "112"]
[EventDate "1998.??.??"]
[EventType "swiss"]
[EventRounds "9"]
[EventCountry "HUN"]
[SourceTitle "EXT 2000"]
[Source "ChessBase"]
[SourceDate "1999.11.16"]
[SourceVersion "1"]
[SourceVersionDate "1999.11.16"]
[SourceQuality "1"]

1. e4 d6 2. d4 Nf6 3. Nc3 g6 4. f3 c6 5. Be3 Bg7 6. Qd2 Qa5 7. Nge2 Nbd7 8. g4 h5 9. g5 Nh7 10. h4 e5 11. f4 Nb6 12. Ng3 Bg4 13. f5 exd4 14. Bxd4 Be5 15. Nce2 Qxd2+ 16. Kxd2 0-0-0 17. Bh3 Bxh3 18. Rxh3 Rhe8 19. Re1 c5 20. Bxe5 Nc4+ 21. Kc3 Nxe5 22. Nf4 Nf8 23. Rd1 Ng4 24. Rd2 Kc7 25. Rh1 Ne5 26. Nd5+ Kc6 27. Nf6 Re7 28. Rhd1 b5 29. b3 Nf3 30. Rf2 b4+ 31. Kb2 Nd4 32. Nf1 Nb5 33. Ng3 Nc3 34. Rd3 Nd7 35. Rfd2 Ne5 36. Re3 a5 37. Nd5 Nxd5 38. Rxd5 Ng4 39. Re2 Rxe4 40. Rxc5+ dxc5 41. Rxe4 Nf2 42. Re1 Nd1+ 43. Kc1 Nc3 44. Kb2 Rd4 45. Rh1 Kd5 46. f6 Ke5 47. a4 Kf4 48. Rg1 Kf3 49. Nf5 gxf5 50. g6 fxg6 51. f7 Rd8 52. Rf1+ Kg2 53. Re1 f4 54. Re8 Rd1 55. Re2+ Kf3 56. Re3+ Kxe3 0-1